| 000 | 01105nam a22002177a 4500 | ||
|---|---|---|---|
| 003 | KPN | ||
| 005 | 20251030114841.0 | ||
| 008 | 251030b 00| 0 my d | ||
| 020 |
_a9789673694372 _cRM20.00 _qpaperback |
||
| 040 | _cKPN | ||
| 082 |
_223 _a808.882 AMI 2020 |
||
| 090 |
_a808.882 AMI 2020 _bAMI |
||
| 100 |
_aAmirul Azmeer Asmadi _eauthor |
||
| 245 |
_aMalaikat Bertali Leher _cAmirul Azmeer Asmadi |
||
| 260 |
_aBatu Caves, Selangor: _bPuteh Press an imprint of Open Bridge Publications Sdn. Bhd., _c2020 |
||
| 300 |
_a274 pages _bphotographs _c20 cm |
||
| 500 | _a"Tidak perlu tunggu jadi baik untuk membuat kebaikan, kerana siapa-siapa sahaja mampu berbuat baik. Usah ditunggu malaikat turun membawa kebaikan, kerana dalam jiwa kita sudah ada malaikat yang terpendam." Malaikat Bertali Leher menghimpunkan kisah-kisah benar, anekdot tentang orang biasa yang membuat kebaikan, yang tidak mengharapkan pembalasan. Manusia-manusia yang berlatar belakang biasa-biasa, yang ikhlas, yang membuatkan mereka menjadi luar biasa. | ||
| 650 |
_2Conduct of life _vAnecdotes |
||
| 650 | _2Anecdotes | ||
| 942 |
_2ddc _c1 _n0 |
||
| 999 |
_c1651 _d1651 |
||